| 000 | 00640nam a2200205Ia 4500 | ||
|---|---|---|---|
| 008 | 160319s9999 xx 000 0 und d | ||
| 245 | _aDora the explorer : | ||
| 245 | _bPirate adventure / | ||
| 245 | _cNick Jr. (Firm); Nickelodeon (Firm). | ||
| 260 | _bDolby Digital. | ||
| 260 | _c2005 | ||
| 300 | _a1 videodisc (DVD) (91 min.) : | ||
| 300 | _bsound, colored ; | ||
| 300 | _c4 3/4 in. | ||
| 650 | _aAnimated television programs. | ||
| 650 | _aDora the Explorer (Fictitious character) | ||
| 650 | _aDora the Explorer (Fictitious character) -- | ||
| 650 | _aTelevision programs for children. | ||
| 650 | _xJuvenile drama. | ||
| 999 |
_c292687 _d292687 |
||